000 00252nam a22001097a 4500
008 140529t xxu||||| |||| 00| 0 eng d
020 _a978-81-8356-549-3
100 _aM. Yadav
_9911
245 _aTextbook of Cryobiology
300 _a262
942 _2ddc
_cBK
999 _c17149
_d17149